| 000 | 00000nam##2200000za#4500 |
| 001 | 9.641352 |
| 003 | CaOODSP |
| 005 | 20220818080252 |
| 007 | cr ||||||||||| |
| 008 | 150407|2011||||xxc|||||o f|0| 0 fre|d |
| 040 | |aCaOODSP|bfre |
| 043 | |an-cn--- |
| 086 | 1 |aIP54-49/2011F-PDF |
| 110 | 2 |aCommissariat à la protection de la vie privée du Canada. |
| 245 | 13|aLe droit fondamental à la vie privée dans le contexte d'une vision commune de la sécurité et de la compétitivité économique à l'intérieur du périmètre : |h[ressource électronique]|bmémoire du Commissariat à la protection de la vie privée du Canada dans le cadre de la consultation publique du Groupe de travail pardelà la frontière du gouvernement du Canada |
| 260 | |aOttawa - Ontario : |bCommissariat à la protection de la vie privée du Canada |cJuin 2011. |
| 300 | |a23p. |
| 590 | |a13-03-Supp|b2013-02-11 |
| 691 | 07|aDéveloppement économique|2gcpds |
| 691 | 07|aVie privée|2gcpds |
| 775 | 08|tFundamental privacy rights within a shared vision for perimeter security and economic competitiveness : |w(CaOODSP)9.697292 |
| 856 | 40|ahttp://publications.gc.ca|qPDF|s197 Ko|uhttps://publications.gc.ca/collections/collection_2013/priv/IP54-49-2011-fra.pdf |